MOTIVÁCIA ŽIAKOV K UČENIU SA

Bibliographic Details
Main Author: Kadlečíková, Zuzana (Author)
Format: Article
Language:Slovak

MARC

LEADER 00000nab a2200000uu 4500
001 vtls010902927
003 SK-MaSNL
005 20260303142341.0
008 230222|2005 xo |||||||||||||||||slo|
015 |a SNBRB 
035 |a (urnnbn)urn:nbn:sk:snk:ar-a07pnd 
035 |a (uuid)d106b96b-e25e-4567-8732-e18dfd0020c0 
035 |a urn:nbn:sk:snk-ab8u2t 
040 |a SNKBUCL  |b slo  |c SNKBUCL  |e AACR2 
041 0 |a slo 
044 |a xo  |c SK 
100 1 |a Kadlečíková, Zuzana  |4 aut  |9 23005 
245 1 0 |a MOTIVÁCIA ŽIAKOV K UČENIU SA  |c Zuzana Kadlečíková 
773 0 |t Prevencia : informačný bulletin zameraný na prevenciu sociálno-patologických javov v rezorte školstva  |g Roč. 4, č. 2 (2005), s. 7-12 
954 |a odborná, vedecká literatúra pôvodná (slovenská)  |2 lita 
958 |a OND 
958 |a EUIPO 
958 |a article10 
999 |c 1982244  |d 1984174